000 00611nam a2200241Ia 4500
003 OSt
005 20221005130759.0
006 a|||||r|||| 00| 0
007 ta
008 221004b |||||||| |||| 00| 0 san d
024 _a60111
037 _cTextual
040 _aCRL
_cCRL
_bsan
041 _2san
_asan
082 _aO15,2:g, 33J5
100 _aShastri Krishna Au.
_9638655
245 0 _aSamskrit nataka
260 _c1955
650 _a SANSKRIT LITERATURE
650 _aSANSKRIT DRAMA
942 _hO15,2:g, 33J5
_cTEXL
_2cc
999 _c1058396
_d1058396